[Event "Rakovnik Regional-chT 1415"]
[Site "Rakovnik"]
[Date "2015.03.01"]
[Round "9.6"]
[White "Filip, Vojtech"]
[Black "Macek, Kamil"]
[Result "1/2-1/2"]
[WhiteElo "1950"]
[BlackElo "1905"]
[PlyCount "109"]
[EventDate "2014.10.19"]
[EventType "team-tourn"]
[EventRounds "11"]
[EventCountry "CZE"]
[SourceTitle "EXT 2016"]
[Source "ChessBase"]
[SourceDate "2015.10.08"]
[SourceVersion "1"]
[SourceVersionDate "2015.10.08"]
[SourceQuality "1"]
[WhiteTeam "Vlasim II"]
[BlackTeam "Nymburk Sokol"]
[WhiteTeamCountry "CZE"]
[BlackTeamCountry "CZE"]

1. d4 Nf6 2. Nf3 e6 3. c4 Bb4+ 4. Bd2 Qe7 5. a3 Bxd2+ 6. Nbxd2 d5 7. e3 0-0 8. Bd3 Nbd7 9. 0-0 b6 10. Qc2 c5 11. Rac1 Bb7 12. Ne5 cxd4 13. exd4 Rac8 14. Nxd7 Qxd7 15. c5 bxc5 16. dxc5 a5 17. b4 Bc6 18. Nf3 Bb5 19. Ne5 Bxd3 20. Qxd3 Qc7 21. Qd4 Nd7 22. f4 Nxe5 23. fxe5 axb4 24. axb4 Qc6 25. Rf3 Qb5 26. Rg3 Qe2 27. c6 Rc7 28. Re3 Qb5 29. Rc5 Qa4 30. Rec3 Qa1+ 31. Kf2 Qb2+ 32. Kg3 Rb8 33. Ra5 Rxc6 34. Rd3 Qxd4 35. Rxd4 f6 36. exf6 gxf6 37. Rg4+ Kf8 38. Ra7 Rc4 39. Rgg7 Rbxb4 40. h3 Rb3+ 41. Kh2 Ra4 42. Raf7+ Ke8 43. Re7+ Kf8 44. Rgf7+ Kg8 45. Rxf6 Re4 46. Rff7 d4 47. Rg7+ Kf8 48. Ref7+ Ke8 49. Ra7 Kf8 50. Rxh7 Kg8 51. Rhe7 Kf8 52. Red7 Rb8 53. Rf7+ Kg8 54. Rg7+ Kf8 55. Rgf7+ 1/2-1/2

[Event "Brno Duras op-A"]
[Site "Brno"]
[Date "2012.06.25"]
[Round "4"]
[White "Macek, Kamil"]
[Black "Svobodova, Michaela"]
[Result "1-0"]
[WhiteElo "1970"]
[BlackElo "2094"]
[PlyCount "115"]
[EventDate "2012.06.23"]
[EventType "tourn"]
[EventRounds "9"]
[EventCountry "CZE"]
[SourceTitle "CBM 149 Extra"]
[Source "ChessBase"]
[SourceDate "2012.08.24"]
[SourceVersion "1"]
[SourceVersionDate "2012.08.24"]
[SourceQuality "1"]

1. e4 c5 2. Nf3 e6 3. d4 cxd4 4. Nxd4 a6 5. Bd3 Bc5 6. Nb3 Ba7 7. 0-0 Nc6 8. Qe2 d6 9. Be3 Nge7 10. Nc3 b5 11. Bxa7 Rxa7 12. a3 e5 13. Qe3 Be6 14. Nd2 0-0 15. h4 d5 16. exd5 Nxd5 17. Nxd5 Bxd5 18. c4 bxc4 19. Bxc4 Rd7 20. Bxd5 Rxd5 21. Nf3 Nd4 22. Rad1 Nxf3+ 23. Qxf3 Rxd1 24. Rxd1 Qxh4 25. Qc6 Qg4 26. f3 Qc8 27. Rd6 Qxc6 28. Rxc6 Ra8 29. b4 Kf8 30. Rc7 f6 31. Kf2 Kg8 32. Ke3 h5 33. Kd3 Rd8+ 34. Kc2 Rd6 35. a4 Rd4 36. Kb3 Rd3+ 37. Rc3 Rd2 38. Rc2 Rd6 39. Rc7 Kh7 40. b5 axb5 41. axb5 Kh6 42. Kc4 Rd1 43. b6 Rb1 44. b7 h4 45. Kd5 g5 46. Ke6 Kg6 47. Kd7 Kf5 48. Kc8 Kf4 49. Rc4+ Kg3 50. Rg4+ Kf2 51. b8Q Rxb8+ 52. Kxb8 h3 53. gxh3 Kxf3 54. Kc7 e4 55. Kd6 f5 56. Rxg5 f4 57. Ke5 e3 58. Rg4 1-0

[Event "Ostrava Konik op-B"]
[Site "Ostrava"]
[Date "2012.05.02"]
[Round "5"]
[White "Vinklarek, Robert"]
[Black "Macek, Kamil"]
[Result "0-1"]
[WhiteElo "1792"]
[BlackElo "1960"]
[PlyCount "134"]
[EventDate "2012.04.28"]
[EventType "swiss"]
[EventRounds "9"]
[EventCountry "CZE"]
[SourceTitle "CBM 148 Extra"]
[Source "ChessBase"]
[SourceDate "2012.06.22"]
[SourceVersion "1"]
[SourceVersionDate "2012.06.22"]
[SourceQuality "1"]

1. d4 Nf6 2. c4 e6 3. Nc3 Bb4 4. a3 Bxc3+ 5. bxc3 c5 6. Nf3 0-0 7. e3 d6 8. Bd3 Qc7 9. Bd2 Nc6 10. 0-0 e5 11. d5 e4 12. dxc6 bxc6 13. Be2 exf3 14. Bxf3 Nd7 15. Qa4 Ne5 16. Be2 Rb8 17. Rab1 Bf5 18. Rxb8 Rxb8 19. f4 Nd7 20. g4 Be4 21. Qd1 f5 22. Bc1 fxg4 23. Bxg4 Re8 24. Bf3 Nf6 25. Qe1 Qf7 26. Be2 Nh5 27. Qh4 Nf6 28. Rd1 Qe6 29. Qg3 Bc2 30. Re1 Ne4 31. Qg2 Rf8 32. Bg4 Qg6 33. f5 Qg5 34. h3 Bb1 35. Bb2 Bd3 36. Bc1 h5 37. Rd1 Bb1 38. Bf3 Qxf5 39. Rf1 Bd3 40. Be2 Qxf1+ 41. Bxf1 Rxf1+ 42. Qxf1 Bxf1 43. Kxf1 Nxc3 44. Kf2 Kf7 45. Kf3 g6 46. e4 Ke6 47. Ke3 d5 48. cxd5+ cxd5 49. exd5+ Kxd5 50. Kd3 Ne4 51. Be3 g5 52. Bg1 a5 53. Be3 a4 54. Bg1 c4+ 55. Kc2 g4 56. hxg4 hxg4 57. Be3 g3 58. Bg1 Ke5 59. Be3 g2 60. Kb2 Ng5 61. Kc3 Kd5 62. Kb4 Nf3 63. Kxa4 g1Q 64. Bxg1 Nxg1 65. Kb4 Ne2 66. a4 Nd4 67. a5 Nc6+ 0-1

[Event "Prague op-A 11th"]
[Site "Prague"]
[Date "2012.01.14"]
[Round "2"]
[White "Macek, Kamil"]
[Black "Vavra, Pavel"]
[Result "1-0"]
[WhiteElo "1993"]
[BlackElo "2397"]
[PlyCount "27"]
[EventDate "2012.01.13"]
[EventType "swiss"]
[EventRounds "9"]
[EventCountry "CZE"]
[SourceTitle "CBM 146 Extra"]
[Source "ChessBase"]
[SourceDate "2012.02.29"]
[SourceVersion "1"]
[SourceVersionDate "2012.02.29"]
[SourceQuality "1"]

1. e4 e6 2. d4 d5 3. Nd2 Nf6 4. e5 Nfd7 5. Bd3 c5 6. c3 Nc6 7. Ne2 cxd4 8. cxd4 f6 9. Nf4 fxe5 10. Nxe6 Qb6 11. Qh5+ Ke7 12. Nxf8 Rxf8 13. 0-0 Nf6 14. Qg5 1-0

[Event "Martin op"]
[Site "Martin"]
[Date "2011.11.19"]
[Round "5"]
[White "Jurcik, Marian"]
[Black "Macek, Kamil"]
[Result "1-0"]
[WhiteElo "2466"]
[BlackElo "1987"]
[PlyCount "61"]
[EventDate "2011.11.16"]
[EventType "swiss"]
[EventRounds "7"]
[EventCountry "SVK"]
[SourceTitle "EXT 2012"]
[Source "ChessBase"]
[SourceDate "2011.11.24"]
[SourceVersion "1"]
[SourceVersionDate "2011.11.24"]
[SourceQuality "1"]

1. e4 c6 2. d4 d5 3. Nd2 dxe4 4. Nxe4 Bf5 5. Ng3 Bg6 6. Bc4 Nf6 7. N1e2 e6 8. Nf4 Bd6 9. h4 Qc7 10. Nge2 Nd5 11. Nxg6 hxg6 12. Qd3 Nd7 13. Bg5 N7f6 14. g3 b5 15. Bb3 a6 16. a4 Qb7 17. axb5 axb5 18. Rxa8+ Qxa8 19. 0-0 0-0 20. c3 Qb7 21. Qf3 Re8 22. Nc1 e5 23. dxe5 Rxe5 24. Nd3 Re8 25. Rd1 Qc7 26. Kg2 Qd7 27. Bxf6 Nxf6 28. Nf4 Kf8 29. Nh3 Ne4 30. Rd4 Qf5 31. Bc2 1-0

[Event "Martin op"]
[Site "Martin"]
[Date "2011.11.17"]
[Round "3"]
[White "Zigo, Milan"]
[Black "Macek, Kamil"]
[Result "0-1"]
[WhiteElo "1783"]
[BlackElo "1987"]
[PlyCount "72"]
[EventDate "2011.11.16"]
[EventType "swiss"]
[EventRounds "7"]
[EventCountry "SVK"]
[SourceTitle "EXT 2012"]
[Source "ChessBase"]
[SourceDate "2011.11.24"]
[SourceVersion "1"]
[SourceVersionDate "2011.11.24"]
[SourceQuality "1"]

1. e4 c5 2. Nf3 d6 3. d4 cxd4 4. Nxd4 Nf6 5. Nc3 a6 6. Bg5 e6 7. Be2 Be7 8. Be3 b5 9. a3 Bb7 10. f3 0-0 11. 0-0 Nbd7 12. Qe1 Rc8 13. Kh1 Qc7 14. Rc1 Rfd8 15. Nd1 d5 16. Bd3 Nc5 17. Nf2 Bd6 18. Ne2 dxe4 19. Bxc5 exf3 20. Ne4 fxg2+ 21. Kxg2 Nxe4 22. Bxd6 Nxd6+ 23. Kg1 Qc6 24. Qg3 Qh1+ 25. Kf2 Ne4+ 26. Bxe4 Qxe4 27. Rg1 g6 28. Qf4 Qxf4+ 29. Nxf4 Rd2+ 30. Kg3 Rcxc2 31. Rxc2 Rxc2 32. Nd3 Be4 33. Nb4 Rxb2 34. Kf4 Bd5 35. Nxa6 Rxh2 36. Nc7 b4 0-1

[Event "Ricany op-A"]
[Site "Ricany"]
[Date "2011.08.20"]
[Round "1"]
[White "Macek, Kamil"]
[Black "Filip, Vojtech"]
[Result "1/2-1/2"]
[WhiteElo "2012"]
[BlackElo "1784"]
[PlyCount "40"]
[EventDate "2011.08.20"]
[EventType "swiss"]
[EventRounds "9"]
[EventCountry "CZE"]
[SourceTitle "CBM 144 Extra"]
[Source "ChessBase"]
[SourceDate "2011.10.28"]
[SourceVersion "1"]
[SourceVersionDate "2011.10.28"]
[SourceQuality "1"]

1. e4 d5 2. exd5 Qxd5 3. d4 c6 4. c4 Qa5+ 5. Nc3 Bf5 6. Nf3 e6 7. g3 Nf6 8. Bg2 Ne4 9. Qb3 Bb4 10. 0-0 Nxc3 11. bxc3 Bxc3 12. Qxb7 Bxa1 13. Qxa8 0-0 14. Bf4 Bc3 15. Bxb8 Qb6 16. Ne5 Rxb8 17. Qxc6 Bxd4 18. Qxb6 Bxb6 19. Nc6 Re8 20. Rd1 e5 1/2-1/2

[Event "Ostrava Konik op-A"]
[Site "Ostrava"]
[Date "2011.05.07"]
[Round "8"]
[White "Macek, Kamil"]
[Black "Polok, Kacper"]
[Result "1/2-1/2"]
[WhiteElo "1974"]
[BlackElo "2046"]
[PlyCount "61"]
[EventDate "2011.04.30"]
[EventType "swiss"]
[EventRounds "9"]
[EventCountry "CZE"]
[SourceTitle "CBM 142 Extra"]
[Source "ChessBase"]
[SourceDate "2011.06.27"]
[SourceVersion "1"]
[SourceVersionDate "2011.06.27"]
[SourceQuality "1"]

1. e4 c5 2. Nf3 d6 3. d4 cxd4 4. Nxd4 Nf6 5. Nc3 a6 6. Bg5 Nbd7 7. Bc4 Qb6 8. Bb3 e5 9. Nf5 h6 10. Bh4 g5 11. Bg3 Nc5 12. f3 Nxb3 13. axb3 Be6 14. Bf2 Qc6 15. Qd3 d5 16. exd5 Nxd5 17. Nxd5 Qxd5 18. Qxd5 Bxd5 19. 0-0-0 0-0-0 20. c4 Be6 21. Rxd8+ Kxd8 22. Bb6+ Kd7 23. Ne3 Kc6 24. Ba5 b5 25. Bc3 f6 26. Rd1 Bc5 27. Nd5 Bxd5 28. Rxd5 Bb6 29. Kc2 Rd8 30. Rxd8 Bxd8 31. g4 1/2-1/2

[Event "Ostrava Konik op-A"]
[Site "Ostrava"]
[Date "2011.05.01"]
[Round "2"]
[White "Miturova, Magdalena"]
[Black "Macek, Kamil"]
[Result "1-0"]
[WhiteElo "2094"]
[BlackElo "1974"]
[PlyCount "37"]
[EventDate "2011.04.30"]
[EventType "swiss"]
[EventRounds "9"]
[EventCountry "CZE"]
[SourceTitle "CBM 142 Extra"]
[Source "ChessBase"]
[SourceDate "2011.06.27"]
[SourceVersion "1"]
[SourceVersionDate "2011.06.27"]
[SourceQuality "1"]

1. e4 c5 2. Nf3 d6 3. d4 cxd4 4. Nxd4 Nf6 5. Nc3 g6 6. Be3 Bg7 7. f3 Nc6 8. Qd2 0-0 9. 0-0-0 Bd7 10. h4 Rc8 11. g4 Ne5 12. h5 Nc4 13. Bxc4 Rxc4 14. Nd5 e6 15. Nc3 Qa5 16. Nb3 Qc7 17. Qxd6 Rc8 18. Qxc7 R4xc7 19. Bf4 1-0

[Event "Litomysl op 12th"]
[Site "Litomysl"]
[Date "2010.12.28"]
[Round "3"]
[White "Macek, Kamil"]
[Black "Kantorik, Marian"]
[Result "0-1"]
[WhiteElo "1968"]
[BlackElo "2351"]
[PlyCount "86"]
[EventDate "2010.12.26"]
[EventType "swiss"]
[EventRounds "9"]
[EventCountry "CZE"]
[SourceTitle "CBM 140 Extra"]
[Source "ChessBase"]
[SourceDate "2011.03.01"]
[SourceVersion "1"]
[SourceVersionDate "2011.03.01"]
[SourceQuality "1"]

1. e4 e5 2. Nf3 Nc6 3. Bb5 a6 4. Ba4 Nf6 5. d4 exd4 6. 0-0 Be7 7. e5 Ne4 8. Re1 Nc5 9. Bxc6 dxc6 10. Nxd4 0-0 11. Nc3 Kh8 12. Bf4 Bg4 13. Qxg4 Qxd4 14. Qg3 Qb4 15. Rab1 Rad8 16. a3 Qd4 17. Rbd1 Qc4 18. b3 Qe6 19. Bg5 Rfe8 20. Bxe7 Qxe7 21. b4 Ne6 22. Qe3 Qh4 23. Rxd8 Rxd8 24. Rd1 Rxd1+ 25. Nxd1 g6 26. g3 Qg4 27. Nc3 Qd4 28. Qf3 Kg8 29. Ne4 Qxe5 30. Nf6+ Kg7 31. Nd7 Qd4 32. Nc5 Nxc5 33. bxc5 Qxc5 34. Qb3 b5 35. Qd3 Qe5 36. h4 c5 37. a4 Qd4 38. Qe2 c6 39. h5 c4 40. g4 Qf4 41. Qd1 c3 42. Qd7 bxa4 43. Kf1 Qc4+ 0-1

[Event "Brno op 1st"]
[Site "Brno"]
[Date "2010.11.18"]
[Round "7"]
[White "Macek, Kamil"]
[Black "Volak, Michal"]
[Result "1/2-1/2"]
[WhiteElo "1968"]
[BlackElo "2200"]
[PlyCount "100"]
[EventDate "2010.11.14"]
[EventType "swiss"]
[EventRounds "9"]
[EventCountry "CZE"]
[SourceTitle "EXT 2011"]
[Source "ChessBase"]
[SourceDate "2010.11.26"]
[SourceVersion "1"]
[SourceVersionDate "2010.11.26"]
[SourceQuality "1"]

1. e4 d6 2. d4 Nf6 3. Nc3 c6 4. Nf3 Qa5 5. Qd3 e5 6. Be2 Be7 7. 0-0 0-0 8. h3 Nbd7 9. Be3 b5 10. d5 Bb7 11. dxc6 Bxc6 12. Nd5 Bxd5 13. exd5 e4 14. Qd2 Qxd2 15. Nxd2 Nxd5 16. Bxb5 Nxe3 17. fxe3 Nf6 18. c4 Rfc8 19. Rac1 a6 20. Ba4 Ra7 21. Rcd1 Bd8 22. Bb3 Rd7 23. Rf4 Bb6 24. Kf2 Re7 25. Ke2 Rd8 26. Nf1 Bc7 27. Rf5 Nd7 28. Rfd5 g6 29. Ng3 Kg7 30. Bc2 f5 31. Ba4 Nb6 32. Ra5 Nxc4 33. Rxa6 Nxb2 34. Rb1 Nxa4 35. Rxa4 d5 36. Rb7 Rb8 37. Raa7 Rxb7 38. Rxb7 Kf7 39. Nf1 f4 40. a4 Be5 41. Rb5 d4 42. exd4 Bxd4 43. a5 e3 44. a6 Ba7 45. Rb7 Rxb7 46. axb7 Ke6 47. g3 g5 48. gxf4 gxf4 49. Nxe3 fxe3 50. b8Q Bxb8 1/2-1/2

[Event "Ricany op"]
[Site "Ricany"]
[Date "2010.08.24"]
[Round "5"]
[White "Macek, Kamil"]
[Black "Wasserbauer, Radek"]
[Result "1-0"]
[WhiteElo "1953"]
[BlackElo "2066"]
[PlyCount "21"]
[EventDate "2010.08.21"]
[EventType "swiss"]
[EventRounds "9"]
[EventCountry "CZE"]
[SourceTitle "EXT 2022"]
[Source "ChessBase"]
[SourceDate "2021.10.06"]
[SourceVersion "1"]
[SourceVersionDate "2021.10.06"]
[SourceQuality "1"]

1. e4 e5 2. Nf3 d6 3. d4 Nd7 4. Bc4 c6 5. dxe5 dxe5 6. 0-0 Be7 7. Ng5 Nh6 8. Ne6 fxe6 9. Bxh6 gxh6 10. Qh5+ Kf8 11. Bxe6 1-0

[Event "Ostrava op"]
[Site "Ostrava"]
[Date "2010.05.08"]
[Round "8"]
[White "Trombik, Karel"]
[Black "Macek, Kamil"]
[Result "1/2-1/2"]
[WhiteElo "2075"]
[BlackElo "1950"]
[PlyCount "127"]
[EventDate "2010.05.01"]
[EventType "swiss"]
[EventRounds "9"]
[EventCountry "CZE"]
[SourceTitle "EXT 2011"]
[Source "ChessBase"]
[SourceDate "2010.11.26"]
[SourceVersion "1"]
[SourceVersionDate "2010.11.26"]
[SourceQuality "1"]

1. d4 Nf6 2. Nf3 e6 3. Bg5 d5 4. e3 Be7 5. Bd3 Nbd7 6. Nbd2 c5 7. c3 Qc7 8. 0-0 0-0 9. Rc1 b6 10. Qe2 Bb7 11. Rfd1 c4 12. Bb1 Rfe8 13. Re1 b5 14. Nf1 Ne4 15. Bxe7 Rxe7 16. Bxe4 dxe4 17. N3d2 Bd5 18. Ng3 f5 19. f3 exf3 20. gxf3 f4 21. Ngf1 fxe3 22. Nxe3 Rf7 23. Nxd5 exd5 24. Qe6 Nf6 25. Qe5 Qd7 26. Qe6 Qc7 27. Re5 Re8 28. Qf5 Ref8 29. Qh3 g6 30. Qh4 Nh5 31. Rxd5 Nf4 32. Rc5 Qd7 33. Rf1 Nd3 34. Rg5 Qe8 35. Qe4 a6 36. b3 Qd8 37. Qd5 Qe7 38. Kh1 Qe2 39. Rg2 Qe3 40. Qe4 Qxe4 41. Nxe4 Rxf3 42. Rxf3 Rxf3 43. bxc4 bxc4 44. Re2 Nf4 45. Rf2 Rxf2 46. Nxf2 Kf8 47. Nd1 Nd5 48. Kg2 Kf7 49. Kf3 Ke6 50. Ke2 Nf6 51. Kf3 Nd5 52. Ke2 Nf6 53. Kd2 g5 54. Ne3 Ne4+ 55. Kc2 Nf2 56. Kb2 h5 57. Ka3 g4 58. Kb4 h4 59. Kxc4 h3 60. Nf1 Ne4 61. Kd3 Ng5 62. Ke3 Kd5 63. Kf4 g3 64. Nxg3 1/2-1/2

[Event "Prague op-B 09th"]
[Site "Prague"]
[Date "2010.01.12"]
[Round "5"]
[White "Macek, Kamil"]
[Black "Vorobyov, Yurij"]
[Result "0-1"]
[WhiteElo "1929"]
[BlackElo "2259"]
[PlyCount "64"]
[EventDate "2010.01.08"]
[EventType "swiss"]
[EventRounds "9"]
[EventCountry "CZE"]
[SourceTitle "CBM 134 Extra"]
[Source "ChessBase"]
[SourceDate "2010.03.03"]
[SourceVersion "1"]
[SourceVersionDate "2010.03.03"]
[SourceQuality "1"]

1. e4 c5 2. Nf3 a6 3. d4 cxd4 4. Nxd4 Nf6 5. Nc3 e5 6. Nb3 Bb4 7. Bg5 h6 8. Bxf6 Bxc3+ 9. bxc3 Qxf6 10. Qd5 Nc6 11. Rd1 0-0 12. Bc4 b5 13. Be2 Ra7 14. Qc5 Rc7 15. Na5 Qd8 16. Nxc6 Rxc6 17. Qxe5 Re8 18. Qd4 Qa5 19. a4 Qxa4 20. Qxa4 bxa4 21. 0-0 Rxc3 22. Bd3 Bb7 23. Ra1 Bc6 24. Rfb1 a5 25. f3 Rd8 26. Rb6 Rc5 27. Kf2 Kf8 28. Ke3 Ke7 29. Kd4 Rh5 30. h3 Kd6 31. Rxa4 Kc7 32. Rxa5 Rxa5 0-1

[Event "Prague op-B 09th"]
[Site "Prague"]
[Date "2010.01.10"]
[Round "3"]
[White "Macek, Kamil"]
[Black "Jaeger, Andre"]
[Result "1-0"]
[WhiteElo "1929"]
[BlackElo "2065"]
[PlyCount "71"]
[EventDate "2010.01.08"]
[EventType "swiss"]
[EventRounds "9"]
[EventCountry "CZE"]
[SourceTitle "CBM 134 Extra"]
[Source "ChessBase"]
[SourceDate "2010.03.03"]
[SourceVersion "1"]
[SourceVersionDate "2010.03.03"]
[SourceQuality "1"]

1. Nf3 Nf6 2. c4 g6 3. Nc3 Bg7 4. d4 0-0 5. g3 d6 6. Bg2 Nbd7 7. 0-0 e5 8. e4 c6 9. Be3 h6 10. h3 a6 11. Qc2 Qe7 12. Rad1 Rb8 13. dxe5 dxe5 14. Rd2 Qb4 15. Ne2 Re8 16. Rfd1 Bf8 17. a3 Qa5 18. Qc3 Qc7 19. Qc2 Nc5 20. Nc3 Be6 21. b4 Ncd7 22. c5 a5 23. Na4 axb4 24. axb4 Ra8 25. Bf1 Nxe4 26. Rxd7 Bxd7 27. Nb6 Nf6 28. Nxa8 Rxa8 29. Bc4 Bf5 30. Qd2 Bxh3 31. Bxh6 Bg4 32. Bxf8 Rxf8 33. Qh6 Bh5 34. Rd6 Qe7 35. Ng5 e4 36. Rxf6 1-0

[Event "Teplice op 4th"]
[Site "Teplice"]
[Date "2009.06.15"]
[Round "3"]
[White "Groh, Jiri"]
[Black "Macek, Kamil"]
[Result "1-0"]
[WhiteElo "2159"]
[BlackElo "1948"]
[PlyCount "95"]
[EventDate "2009.06.13"]
[EventType "swiss"]
[EventRounds "9"]
[EventCountry "CZE"]
[SourceTitle "CBM 130 Extra"]
[Source "ChessBase"]
[SourceDate "2009.07.02"]
[SourceVersion "2"]
[SourceVersionDate "2009.07.15"]
[SourceQuality "1"]

1. c4 e5 2. d3 Nc6 3. g3 Nf6 4. Bg2 Bc5 5. Nf3 d6 6. 0-0 0-0 7. Nc3 a6 8. a3 Nd4 9. Bg5 h6 10. Bxf6 Qxf6 11. Ne4 Qe7 12. Nxc5 dxc5 13. b4 Rb8 14. Rb1 b6 15. Qd2 Bg4 16. Rfe1 Qd6 17. Nxd4 cxd4 18. a4 Bd7 19. b5 a5 20. Rb3 f5 21. Rc1 Qc5 22. Bd5+ Kh8 23. Qb2 Rbe8 24. Qa3 Rf6 25. Qxc5 bxc5 26. Bc6 Rd8 27. Rcb1 Bc8 28. Bd5 Rb6 29. Bc6 Rd6 30. h4 Bb7 31. Bxb7 Rxb7 32. h5 e4 33. Kg2 Kg8 34. Rh1 Rb8 35. Rh4 exd3 36. Rxd3 Re6 37. Rf4 Re5 38. Kf3 Rbe8 39. Rd2 Kf7 40. g4 Kf6 41. Rb2 R8e6 42. Rb1 g5 43. hxg6 Kxg6 44. gxf5+ Rxf5 45. Rxf5 Kxf5 46. Rh1 Kg5 47. Rg1+ Kf5 48. Rg7 1-0

[Event "Prague op-B 08th"]
[Site "Prague"]
[Date "2009.01.16"]
[Round "9"]
[White "Siegmund, Rainer"]
[Black "Macek, Kamil"]
[Result "1/2-1/2"]
[WhiteElo "2145"]
[BlackElo "1920"]
[PlyCount "48"]
[EventDate "2009.01.09"]
[EventType "swiss"]
[EventRounds "9"]
[EventCountry "CZE"]
[SourceTitle "EXT 2010"]
[Source "ChessBase"]
[SourceDate "2010.11.25"]
[SourceVersion "1"]
[SourceVersionDate "2010.11.25"]
[SourceQuality "1"]

1. d4 d5 2. c4 c6 3. Nf3 Nf6 4. e3 e6 5. Nbd2 Nbd7 6. Bd3 dxc4 7. Nxc4 b5 8. Nce5 Qc7 9. Bd2 Bd6 10. Rc1 Bb7 11. Nxd7 Qxd7 12. e4 Be7 13. Qe2 0-0 14. 0-0 Rfd8 15. Ba5 Rdc8 16. a3 a6 17. b4 Bd8 18. Bxd8 Rxd8 19. Rfd1 a5 20. Bc2 axb4 21. axb4 Ra3 22. Nd2 Qe7 23. Nb1 Raa8 24. Qe1 e5 1/2-1/2

[Event "Prague op-B 08th"]
[Site "Prague"]
[Date "2009.01.12"]
[Round "4"]
[White "Macek, Kamil"]
[Black "Savelenko, Arseny"]
[Result "0-1"]
[WhiteElo "1920"]
[BlackElo "2043"]
[PlyCount "82"]
[EventDate "2009.01.09"]
[EventType "swiss"]
[EventRounds "9"]
[EventCountry "CZE"]
[SourceTitle "EXT 2010"]
[Source "ChessBase"]
[SourceDate "2010.11.25"]
[SourceVersion "1"]
[SourceVersionDate "2010.11.25"]
[SourceQuality "1"]

1. e4 e5 2. Nf3 Nc6 3. Bb5 a6 4. Bxc6 dxc6 5. 0-0 Qd6 6. d4 exd4 7. Qxd4 Qxd4 8. Nxd4 Bd7 9. Bf4 0-0-0 10. Nc3 g6 11. Bg5 Re8 12. Rad1 Bg7 13. h3 h6 14. Bh4 c5 15. Nde2 Bc6 16. f3 Ne7 17. Rfe1 g5 18. Bf2 b6 19. b3 Rd8 20. Rxd8+ Rxd8 21. Rd1 Rxd1+ 22. Nxd1 f5 23. exf5 Nxf5 24. Ne3 Nxe3 25. Bxe3 Be5 26. f4 gxf4 27. Nxf4 Be4 28. Nd3 Bd4 29. Bxd4 cxd4 30. Kf2 Kd7 31. g4 Kd6 32. Kg3 c5 33. Kf4 Bh7 34. a4 b5 35. axb5 axb5 36. h4 c4 37. bxc4 Bxd3 38. cxd3 b4 39. g5 hxg5+ 40. hxg5 b3 41. c5+ Kc6 0-1